| 000 | 01322cam a2200229 4500 | ||
|---|---|---|---|
| 001 | ABS66721 | ||
| 008 | 030523n2003 000 0 eng u | ||
| 035 | _a(Sirsi) u122380 | ||
| 245 | _aPennycook v Shaws (EAL) Ltd | ||
| 260 | _c2003 | ||
| 490 |
_aWeekly Law Reports _v[2003] 2 WLR 1265-1273(9) |
||
| 520 | _a[2002] EWHC 2769 (Ch), 29 November 2003. Landlord (S) issued notices to tenant (P) under Landlord and Tenant Act 1954 s25 terminating tenancy of business premises. P served a positive counternotice in error indicating that he would be willing to give up possession. P sought to remedy his error by serving a negative counternotice within the statutory two-month period. County Court struck out P's application for a renewal of the tenancy on the grounds that once a positive counternotice had been served, it was binding on appeal. High Court overturned County Court ruling on the grounds that the notification requirement in s29(2) of the 1954 Act had been satisfied. Appeal allowed. | ||
| 590 | _aABS | ||
| 650 | _aSHAWS (EAL) LTD V PENNYCOOK | ||
| 650 | _aLANDLORD AND TENANT ACT 1954 | ||
| 650 | _aSECTION 25 NOTICES | ||
| 650 | _aCOUNTERNOTICES | ||
| 650 | _aSECURITY OF TENURE | ||
| 650 | _aTERMINATION OF TENANCIES | ||
| 690 | _aLANDLORD AND TENANT-BUSINESS TENANCIES-CASE LAW | ||
| 942 | _n0 | ||
| 999 |
_c72737 _d72737 |
||